Estudios monetarios II
Guardat en:
| Autor corporatiu: | |
|---|---|
| Format: | Llibre |
| Idioma: | espanyol |
| Publicat: |
Santiago
Banco Central de Chile
1970
|
| Matèries: | |
| Etiquetes: |
Afegir etiqueta
Sense etiquetes, Sigues el primer a etiquetar aquest registre!
|
MARC
| LEADER | 00000nam a2200000 a 4500 | ||
|---|---|---|---|
| 001 | UCR9412 | ||
| 003 | CL-VaPUC | ||
| 008 | 980613e19700000CL |||||||||||||||||spa|d | ||
| 082 | 0 | 4 | |a 332.4983 |b BAN |2 21 |
| 110 | 2 | |a Banco Central de Chile |e author |9 411932 | |
| 245 | 1 | 0 | |a Estudios monetarios II |
| 300 | |a 302 p | ||
| 942 | |c BK | ||
| 945 | |d 19980613 00:00:00 |a crobeson | ||
| 260 | |a Santiago |b Banco Central de Chile |c 1970 | ||
| 650 | 0 | |a Economía financiera |9 359635 | |
| 650 | 0 | |a Política monetaria |9 258279 | |
| 650 | 0 | |a Modelos matemáticos |9 259437 | |
| 650 | 7 | |a INSTITUCIONES FINANCIERAS |2 CL-VaPUC |9 257940 | |
| 651 | 7 | |a CHILE |2 CL-VaPUC |9 411933 | |
| 583 | |a last modification |c 19980613 00:00:00 |k Rodrigo Vera | ||
| 999 | |c 270610 |d 270608 | ||
| 952 | |0 0 |1 0 |4 0 |6 332_498300000000000_BAN_1970 |7 0 |8 A |9 304957 |a BIBENE |b BIBENE |d 2019-11-20 |i 1411985 |o 332.4983 BAN 1970 |p 1411985 |r 2025-01-15 |w 2019-11-20 |y BK |k ICO | ||